Rivington's building construction (Record no. 103473)
[ view plain ]
| 000 -LEADER | |
|---|---|
| fixed length control field | 01822cam a2200529 4500 |
| 008 - FIXED-LENGTH DATA ELEMENTS--GENERAL INFORMATION | |
| fixed length control field | 040128n2004 000 0 eng u |
| 020 ## - INTERNATIONAL STANDARD BOOK NUMBER | |
| International Standard Book Number | 1873394667 |
| 035 ## - SYSTEM CONTROL NUMBER | |
| System control number | (Sirsi) u125792 |
| 041 ## - LANGUAGE CODE | |
| Language code of text/sound track or separate title | eng |
| 050 ## - LIBRARY OF CONGRESS CALL NUMBER | |
| Classification number | 690 |
| -- | 18 |
| 100 ## - MAIN ENTRY--PERSONAL NAME | |
| Personal name | Smith, Percy |
| 245 ## - TITLE STATEMENT | |
| Title | Rivington's building construction |
| 260 ## - PUBLICATION, DISTRIBUTION, ETC. | |
| Place of publication, distribution, etc. | Shaftesbury |
| Name of publisher, distributor, etc. | Donhead |
| Date of publication, distribution, etc. | 2004 |
| 300 ## - PHYSICAL DESCRIPTION | |
| Extent | 2 |
| Type of unit | v. (xviii, 422p.) |
| Other physical details | ill. |
| Dimensions | 25cm. |
| 490 ## - SERIES STATEMENT | |
| Series statement | Rivington's Series of Notes on Building Construction |
| 505 ## - FORMATTED CONTENTS NOTE | |
| Formatted contents note | Foundations |
| 505 ## - FORMATTED CONTENTS NOTE | |
| Formatted contents note | Excavations - shoring - scaffolding |
| 505 ## - FORMATTED CONTENTS NOTE | |
| Formatted contents note | Plumbing and sanitation |
| 505 ## - FORMATTED CONTENTS NOTE | |
| Formatted contents note | Sanitary fittings |
| 505 ## - FORMATTED CONTENTS NOTE | |
| Formatted contents note | Joinery |
| 505 ## - FORMATTED CONTENTS NOTE | |
| Formatted contents note | Stairs |
| 505 ## - FORMATTED CONTENTS NOTE | |
| Formatted contents note | Fireproof floors |
| 505 ## - FORMATTED CONTENTS NOTE | |
| Formatted contents note | Plasterer's work |
| 505 ## - FORMATTED CONTENTS NOTE | |
| Formatted contents note | Painting - paperhanging - glazing |
| 505 ## - FORMATTED CONTENTS NOTE | |
| Formatted contents note | Heating and ventilating buildings |
| 505 ## - FORMATTED CONTENTS NOTE | |
| Formatted contents note | Electric and gas lighting |
| 505 ## - FORMATTED CONTENTS NOTE | |
| Formatted contents note | Materials |
| 505 ## - FORMATTED CONTENTS NOTE | |
| Formatted contents note | Stresses in structures |
| 520 ## - SUMMARY, ETC. | |
| Summary, etc. | Second volume in this three volume work looking in detail at the forms, methods and materials used in building construction. This volume covers various construction methods and elements of building design. |
| 650 ## - SUBJECT ADDED ENTRY--TOPICAL TERM | |
| Topical term or geographic name entry element | BUILT ENVIRONMENT-BUILDING MATERIALS |
| 650 ## - SUBJECT ADDED ENTRY--TOPICAL TERM | |
| Topical term or geographic name entry element | BUILDING TRADES |
| 650 ## - SUBJECT ADDED ENTRY--TOPICAL TERM | |
| Topical term or geographic name entry element | SANITARY INSTALLATIONS |
| 650 ## - SUBJECT ADDED ENTRY--TOPICAL TERM | |
| Topical term or geographic name entry element | JOINERY |
| 650 ## - SUBJECT ADDED ENTRY--TOPICAL TERM | |
| Topical term or geographic name entry element | PLUMBING |
| 650 ## - SUBJECT ADDED ENTRY--TOPICAL TERM | |
| Topical term or geographic name entry element | BUILT ENVIRONMENT-BUILDING ELEMENTS-COMPLETE BUILDING ELEMENTS-FOUNDATIONS |
| 650 ## - SUBJECT ADDED ENTRY--TOPICAL TERM | |
| Topical term or geographic name entry element | EXCAVATIONS |
| 650 ## - SUBJECT ADDED ENTRY--TOPICAL TERM | |
| Topical term or geographic name entry element | LIGHTING |
| 650 ## - SUBJECT ADDED ENTRY--TOPICAL TERM | |
| Topical term or geographic name entry element | FINISHINGS |
| 650 ## - SUBJECT ADDED ENTRY--TOPICAL TERM | |
| Topical term or geographic name entry element | BUILT ENVIRONMENT-BUILDING ELEMENTS-COMPLETE BUILDING ELEMENTS-STAIRS |
| 650 ## - SUBJECT ADDED ENTRY--TOPICAL TERM | |
| Topical term or geographic name entry element | HEATING SYSTEMS |
| 650 ## - SUBJECT ADDED ENTRY--TOPICAL TERM | |
| Topical term or geographic name entry element | VENTILATION |
| 650 ## - SUBJECT ADDED ENTRY--TOPICAL TERM | |
| Topical term or geographic name entry element | CONSTRUCTION METHODS |
| 650 ## - SUBJECT ADDED ENTRY--TOPICAL TERM | |
| Topical term or geographic name entry element | CONSTRUCTION TECHNIQUES |
| 650 ## - SUBJECT ADDED ENTRY--TOPICAL TERM | |
| Topical term or geographic name entry element | BUILT ENVIRONMENT-BUILDING MATERIALS |
| 690 ## - LOCAL SUBJECT ADDED ENTRY--TOPICAL TERM (OCLC, RLIN) | |
| Topical term or geographic name as entry element | BUILT ENVIRONMENT |
| 942 ## - ADDED ENTRY ELEMENTS (KOHA) | |
| Suppress in OPAC | 0 |
No items available.